000 01088cad a22002055a 4500
001 E146078
008 081208e20081207xxk s000 0 eng d
035 _a(Sirsi) u146078
041 0 _aeng
110 2 _aScotland
_bScottish Government
_95344
245 0 0 _aBig savings for small businesses
_h[electronic resource]
260 _c2008
490 _aScottish Government News Release
_v7 December 2008
520 _aThe Scottish Government has announced the extension of its small business loans scheme to assist small business in saving energy. Private landlords, agriculture and transport businesses are now able to apply for interest free loans of between £1 000 and £100 000 to implement energy saving measures or to instal renewable energy devices such as solar panels or ground source heating.
590 _aKA
651 4 _aScotland
_y1999-
690 _aENVIRONMENTAL AND LAND CONSULTANCY-ENERGY-ENERGY USE-ENERGY EFFICIENCY
856 4 0 _uhttps://www.scotland.gov.uk/News/Releases/2008/12/05152922
_zView the news release free of charge at www.scotland.gov.uk...
942 _n0
999 _c81015
_d81015